| 000 | 00455nam a2200133Ia 4500 | ||
|---|---|---|---|
| 008 | 170221s9999 xx 000 0 und d | ||
| 100 | _aLambertz-Berndt, Megan M. | ||
| 245 | _aCommunicating Identity in the Workplace and Affinity Group Spaces | ||
| 245 | _cMegan M. Lambertz-Berndt. | ||
| 260 | _bStudies in Media and Communication | ||
| 650 | _xCommunication | ||
| 650 | _xMedia Arts | ||
| 856 | _uhttp://redfame.com/journal/index.php/smc/issue/view/22 | ||
| 999 |
_c312476 _d312476 |
||